| 000 | 00761nam a2200253Ia 4500 | ||
|---|---|---|---|
| 001 | IA_ | ||
| 002 | ACTIVIDAD ANTIOXIDANTE EN GUACAMOLE ELABORADO CON | ||
| 008 | 220117s xx 000 0 und d | ||
| 010 | _a185580 | ||
| 530 | _aDisponible en PDF | ||
| 650 |
_aAguacate _92490 |
||
| 650 |
_aAntioxidantes _96070 |
||
| 650 |
_aAntioxidants _9157349 |
||
| 650 |
_aAvocados _9148887 |
||
| 650 |
_aFenoles _940041 |
||
| 650 |
_aPhenols _9156659 |
||
| 650 |
_aSalsas _9101789 |
||
| 650 |
_aSauces _9155349 |
||
| 700 |
_aGuerra Ramírez, Diana, asesor _9163735 |
||
| 700 |
_aRamírez Santiago, César, asesor _9163736 |
||
| 700 |
_aSandoval Castilla, Ofelia, dir. _9150466 |
||
| 942 | _cTESIS A77 2014 | ||
| 999 |
_c185580 _d185580 |
||